Normal view
MARC view
Entry Personal Name
001 - CONTROL NUMBER
- control field: 874454
003 - CONTROL NUMBER IDENTIFIER
- control field: OSt
005 - DATE AND TIME OF LATEST TRANSACTION
- control field: 20260114185806.0
008 - FIXED-LENGTH DATA ELEMENTS
- fixed length control field: 260114|| aca||aabn | a|a d
040 ## - CATALOGING SOURCE
- Original cataloging agency: OSt
- Transcribing agency: OSt
100 ## - HEADING--PERSONAL NAME
- Personal name: Daniel Haxall
670 ## - SOURCE DATA FOUND
- Source citation: Work cat.: (OSt)1473388: Daniel Haxall, Picturing the Beautiful Game A History of Soccer in Visual Culture and Art, 2018
